000 00427nam a22001577a 4500
003 OSt
008 241226b2022 |||||||| |||| 00| 0 eng d
020 _a9788175974111
082 _a158.12
_bSWA-S
100 _aSwaroopananda, Swami
245 _aSimplicity and meditation /
_cSwami Swaroopananda.
260 _aMumbai :
_bCentral Chinmaya Mission Trust,
_c2022.
300 _a35 p. ;
650 _ameditation
942 _2ddc
_cBK
999 _c20814
_d20814